| 000 | 00468nam a2200169Ia 4500 | ||
|---|---|---|---|
| 999 |
_c27330 _d27330 |
||
| 003 | OSt | ||
| 005 | 20201201100225.0 | ||
| 008 | 190216s9999||||xx |||||||||||||| ||und|| | ||
| 040 | _coclc | ||
| 082 |
_a894.8123 _bTWA/T |
||
| 100 |
_aTwain, Mark _95454 |
||
| 245 | 0 |
_aTom Sawyer / _cMark Twain |
|
| 260 |
_bCurrent Books, _c1996. _aKottayam: |
||
| 300 | _a248p | ||
| 650 | _aNovel Malayalam | ||
| 942 |
_cBK _2ddc _h894.8123 _iTWA/T _k894.8123 _mTWA/T |
||